UM Logo

Delinquency in society : (Record no. 1520)

MARC details
000 -LEADER
fixed length control field 00805nam a22002057a 4500
008 - FIXED-LENGTH DATA ELEMENTS--GENERAL INFORMATION
fixed length control field 160404b xxu||||| |||| 00| 0 eng d
020 ## - INTERNATIONAL STANDARD BOOK NUMBER
International Standard Book Number 978-0-7637-7790-6 (pbk.)
082 ## - DEWEY DECIMAL CLASSIFICATION NUMBER
Edition number 2011
Classification number DC 364.360973
Item number R26
100 ## - MAIN ENTRY--PERSONAL NAME
9 (RLIN) 4678
Personal name Regoli, Robert M.
245 ## - TITLE STATEMENT
Title Delinquency in society :
Remainder of title the essentials /
Statement of responsibility, etc. Robert M. Regoli [and two others].
260 ## - PUBLICATION, DISTRIBUTION, ETC. (IMPRINT)
Place of publication, distribution, etc. Sudbury, Mass. :
Name of publisher, distributor, etc. Jones and Bartlett Publishers,
Date of publication, distribution, etc. ©2011.
300 ## - PHYSICAL DESCRIPTION
Extent xxi, 547 p. :
Other physical details illustrations (some colored) ;
Dimensions 28 cm.
500 ## - GENERAL NOTE
General note Includes bibliographical references and indexes.
650 #0 - SUBJECT ADDED ENTRY--TOPICAL TERM
9 (RLIN) 4682
Topical term or geographic name as entry element Juvenile delinquency
Geographic subdivision United States
650 #0 - SUBJECT ADDED ENTRY--TOPICAL TERM
9 (RLIN) 4683
Topical term or geographic name as entry element Juvenile justice, Administration of
Geographic subdivision United States
700 ## - ADDED ENTRY--PERSONAL NAME
9 (RLIN) 4684
Personal name Hewitt, John D.
Dates associated with a name 1945-
700 ## - ADDED ENTRY--PERSONAL NAME
9 (RLIN) 4685
Personal name DeLisi, Matt
365 ## - TRADE PRICE
Price amount 8,314.50
Currency code Php
942 ## - ADDED ENTRY ELEMENTS (KOHA)
Source of classification or shelving scheme Dewey Decimal Classification
Koha item type Circulation
Holdings
Withdrawn status Lost status Source of classification or shelving scheme Damaged status Not for loan Collection code Home library Current library Date acquired Source of acquisition Total Checkouts Full call number Barcode Date last seen Copy number Cost, replacement price Price effective from Koha item type
    Dewey Decimal Classification     Circulation UM Digos College - LIC UM Digos College - LIC 09/25/2014 Purchased   DC 364.360973 R26 2011 22349 05/15/2025 1 8314.50 04/04/2016 Circulation